| 000 | 00810nam a2200253 a 4500 | ||
|---|---|---|---|
| 001 | BRCA_349 | ||
| 005 | 20190320202953.0 | ||
| 008 | 820212s1982 ja a b 000 0 eng | ||
| 020 | _a4770016573 | ||
| 040 |
_aDLC _cDLC _dDLC |
||
| 041 | _aengjpn | ||
| 050 | 4 |
_aN7353.5 _b.K61 1982 |
|
| 100 | 1 |
_aKobayashi, Tadashi _d1941- _91160 |
|
| 245 | 1 | 0 |
_aUkiyo-e _bAn introduction to Japanese woodblock prints _cTadashi Kobayashi ; translated by Mark A. Harbison. |
| 260 |
_aNueva York _bKodansha International _c1982-1992 |
||
| 300 |
_a96 p. _bil. (algunas a color) _c30 cm. |
||
| 500 | _aDonación Fundación Japón | ||
| 504 | _aBibliografía p. 96. | ||
| 650 | 1 | 4 |
_aUkiyoe _91161 |
| 650 | 1 | 4 |
_aArte japonés _yPeriodo de Edo, 1600-1868. _91162 |
| 700 | 1 |
_aHarbison, Mark A. _91163 |
|
| 902 | _aDFJ | ||
| 942 |
_2lcc _cB |
||
| 999 |
_c286 _d286 |
||